000 00604nam a22001937a 4500
005 20251108164846.0
008 250721s1980 xx 000 0 ara d
082 1 4 _a814.639/صيق
100 1 _aإبن الصيقل، أبو الندى معد بن نصر الله ...
245 1 0 _aالمقامات الزينية /
264 1 _aبيروت :
_bدار المسيرة،
_c1980.
300 _a638ص
650 1 7 _aالمقامات
650 1 7 _aالأدب العربي
650 1 7 _aالمغول
700 1 _aالصالحي، عباس مصطفى
_eتحقيق
942 _2ddc
_cBK
999 _c16025
_d16025